000 00808nas a2200253 4500
001 BR2014003522
003 BR-BrBNA
005 20231205124106.0
007 ta
008 230509b bl.|||p| |||| 00| 00por d
040 _aBR-BrBNA
_bpor
_cBiblioteca Nacional de Agricultura
041 _a(PT)
072 _aC20; E14
100 1 _aDuarte, R.
100 1 _aSoares, J.B.
245 1 _aExtensão rural e comunicação rural no Brasil: notas históricas e desafios contemporâneos
650 _aEXTENSÃO RURAL
650 _aCOMUNICAÇÃO
650 _aDESENVOLVIMENTO RURAL
650 _aAGRICULTURA
773 0 _tRevista de Extensão e Estudos Rurais (Brazil)
_xISSN 2179-5320
_g(Jul-Dec 2011), v. 1(2) p. 397-426
_wBR2014003522
909 _a202311
_bLúcia
_c55
_dLúcia Elande
942 _2AGRIS
_n0
_cANA
999 _c237260
_d237260